000 01054nam a2200265 i 4500
001 18129
003 ES-MaACL
005 20250902090033.0
007 t|
008 010822s2000 sp |||| | spa d
020 _a84-89318-96-4
080 _a061.22(729.1)"17/18"
100 1 _aÁlvarez Cuartero, Izaskun.
_9147803
245 1 0 _aMemorias de la Ilustración :
_blas sociedades económicas de amigos del país en Cuba (1783-1832) /
_cIzaskun Álvarez Cuartero.
260 _aMadrid :
_bReal Sociedad Bascongada de los Amigos del País, Delegación en Corte,
_c[2000]
300 _a430 p. :
_bil. ;
_c23 cm.
490 1 _aLecciones de ingreso
650 4 _aSociedades económicas de amigos del país-
_zCuba.
_917189
650 4 _aIlustración-
_zAmérica española.
_9168095
651 4 _aCuba-
_xHistoria-
_y1524-1895, Época colonial.
_9152022
710 2 _aReal Sociedad Bascongada de los Amigos del País.
_bDelegación en Corte
_96371
830 1 _aLecciones de ingreso
_9228773
852 _aES-MaACL
_jL-24864
999 _c18129
_d18129